000 00282nam a22001337a 4500
008 170127b xxu||||| |||| 00| 0 eng d
020 _a9780803614055
041 _aeng
080 _a61
100 _a3
101 _aSHM
245 _aHEALTH PROMOTION
_cLEDDY, S.K
942 _2udc
_cBK
999 _c3899
_d3899